000 00444cam a2200181ua 4500
020 _c4.00
041 _ahin
_h
082 _a891.54
_bAJI/KA
100 _aAjithkumar, .
245 _aKavitayem: 1963 /
_cAjithkumar.
_hTextual Documents
260 _aNew Delhi :
_bNational Publishing House ,
_c1964.
300 _a180 ; .
365 _a4.00
504 _a
700 1 _aVishwanath, Tripadi .
942 _cBK
999 _c8194
_d8194